|
|
|
|
| LEADER |
01264nam a22002897a 4500 |
| 001 |
40698 |
| 003 |
BD-DhAAL |
| 005 |
20230124163512.0 |
| 008 |
230123t2020 bg ||||| |||| 00| 0 ben d |
| 020 |
|
|
|a 9848560404
|
| 040 |
|
|
|a BD-DhAAL
|c BD-DhAAL
|
| 041 |
|
|
|a ben
|
| 082 |
|
|
|a 891.44
|2 23
|
| 100 |
|
|
|a রায়, সত্যজিৎ
|
| 245 |
|
|
|a সেরা গল্প /
|c সত্যজিৎ রায়
|
| 260 |
|
|
|a ঢাকা :
|b দি স্কাই পাবলিশার্স,
|c ২০২০
|
| 300 |
|
|
|a ৭৭ পৃষ্ঠা ;
|c ২২ সে.মি.
|
| 526 |
|
|
|a GenEd (Residential Campus)
|
| 541 |
|
|
|a Development Book Agency
|e 40698
|
| 650 |
|
|
|a Bengali essays.
|
| 650 |
|
|
|a Bengali fiction.
|
| 650 |
|
|
|a Bengali literature.
|
| 852 |
|
|
|a Ayesha Abed Library
|c General Stacks
|
| 942 |
|
|
|2 ddc
|c BK
|
| 999 |
|
|
|c 45343
|d 45343
|
| 952 |
|
|
|0 0
|1 0
|2 ddc
|4 0
|6 891_440000000000000_RAY
|7 0
|9 72784
|a SCL
|b SCL
|c GEN
|d 2023-01-05
|e Development Book Agency
|g 150.00
|l 4
|m 16
|o 891.44 RAY
|p 3020040698
|r 2024-03-27
|s 2024-03-20
|t 1
|v 150.00
|w 2023-01-05
|y BK
|
| 952 |
|
|
|0 0
|1 0
|2 ddc
|4 0
|6 891_440000000000000_RAY
|7 0
|9 73055
|a SCL
|b SCL
|c GEN
|d 2023-01-05
|e Development Book Agency
|g 150.00
|l 5
|m 9
|o 891.44 RAY
|p 3020040699
|r 2025-07-07
|s 2025-06-26
|t 2
|v 150.00
|w 2023-01-05
|y BK
|